Automatic telephone practice.

Bibliographic Details
Main Author: Hershey, Harry Ellis, 1889-
Format: Book
Language:English
Published: Chicago : H.E. Hershey, [1919]
Edition:2d ed.,
Subjects:

MARC

Tag First Indicator Second Indicator Subfields
LEADER 00000cam a2200000 4500
001 in00000047610
005 20151007073426.0
008 790205s1919 iluacf 00010 eng
010 |a  19013526  
035 |a (OCoLC)04620306 
035 |9 AAE9695AM 
040 |a DLC  |c LDL  |d TXA  |d UtOrBLW 
049 |a TXAM  |c [18477] 
050 0 |a TK6397  |b .H4 1919 
092 |a 621.3857  |b H57a2 
100 1 |a Hershey, Harry Ellis,  |d 1889- 
245 1 0 |a Automatic telephone practice. 
250 |a 2d ed.,  |b by Harry E. Hershey. 
264 1 |a Chicago :  |b H.E. Hershey,  |c [1919] 
264 4 |c [©1919] 
300 |a 199 pages, 2 unnumbered pages including illustrations, folded plates, diagrams :  |b portrait ;  |c 23 cm. 
336 |a text  |b txt  |2 rdacontent 
337 |a unmediated  |b n  |2 rdamedia 
338 |a volume  |b nc  |2 rdacarrier 
650 0 |a Telephone. 
999 |a MARS 
999 f f |s b10416a7-2b2b-3c8a-9981-476436b182e9  |i ce76419b-ce94-3e8a-8a6a-0ce7c12c4924  |t 0 
952 f f |p ric  |a Texas A&M University  |b Rellis Campus  |c Joint Library Facility  |d Remote Storage  |t 0  |e TK6397 .H4 1919  |h Library of Congress classification  |i unmediated -- volume  |m A14801039376 
998 f f |a TK6397 .H4 1919  |t 0  |l Remote Storage